=LDR 00000nam 2200000 4500 =001 INLIS000000000028668 =005 20130612130944 =008 ***********************************Ind** =035 ##$$0010-061300000028668 =041 ##$$a Ind =082 ##$$a 813 =090 ##$$a 813, Wah p =100 ##$$a Wahidah =245 ##$$a Putri anggatibone, oleh Wahidah =260 ##$$a 2004 $b Jakarta =300 ##$$a 81 hlm, 21 cm =650 ##$$a Sastra Indonesia =850 ##$$a NBPNMAT